| 000 | 00937nam a22002297a 4500 | ||
|---|---|---|---|
| 001 | 71121 | ||
| 003 | BD-RjUL | ||
| 005 | 20211209082059.0 | ||
| 008 | 170426s1986 bg a|||| |||| 000 1dben d | ||
| 035 | _a(BD-RjUL)71336 | ||
| 040 |
_aBD-RjUL _bben _cBD-RjUL _dBD-RjUL |
||
| 041 | _aben | ||
| 082 |
_223 _a297.61 _bMAW 1986 |
||
| 245 |
_aমাওলানা আকরাম খাঁ / _cসিকানদার আবু জাফর |
||
| 260 |
_aঢাকা : _bবাংলা একাডেমী, _c১৯৯৯. |
||
| 300 |
_a৭১১ পৃ. : _bচিত্র, _c২২ সেমি. |
||
| 500 | _aনির্ঘ্নন্ট সংযুক্ত | ||
| 600 |
_aখাঁ ,মাওলানা আকরাম _d১৮৬৮-১৯৬৮ _xজীবনী _9212172 |
||
| 600 |
_aKhan, Maulana Akram _d1868-1968 _xBiography _9212173 |
||
| 700 |
_aজাফর, সিকানদার আবু _9118059 |
||
| 942 |
_2ddc _cBK |
||
| 999 |
_c71121 _d71121 |
||